[Event "Troy (US Am N/2/19)"]
[Site "?"]
[Date "1995.??.??"]
[Round "?"]
[White "Turner, Keita"]
[Black "Gentry, Loyd"]
[Result "1-0"]
[WhiteElo "1900"]
[BlackElo "1605"]
[PlyCount "55"]
[EventDate "1995.??.??"]

{2/(19)} 1. e4 c5 2. d4 cxd4 3. c3 dxc3 4. Nxc3 Nc6 5. Bc4 e6 6. Nf3 Na5 7. Bd3
Ne7 8. O-O d5 9. Bg5 f6 10. Bh4 dxe4 11. Nxe4 Ng6 12. Bb5+ Nc6 13. Qe2 Nxh4 14.
Nxh4 f5 15. Qh5+ Ke7 16. Rad1 Qb6 17. Nd6 Nd4 18. Rxd4 Qxd4 19. Rd1 g6 20. Qg5+
Qf6 21. Nxc8+ Kf7 22. Rd7+ Be7 23. Rxe7+ Qxe7 24. Qxe7+ Kg8 25. Qxe6+ Kg7 26.
Qe5+ Kg8 27. Bc4+ Kf8 28. Qe7# 1-0

[Event "East Lansing (MI Op/2/12)"]
[Site "?"]
[Date "1995.??.??"]
[Round "?"]
[White "Turner, Keita"]
[Black "Fuller, William"]
[Result "0-1"]
[WhiteElo "1900"]
[BlackElo "2075"]
[PlyCount "74"]
[EventDate "1995.??.??"]

{2/(12)} 1. d4 Nf6 2. e3 e6 3. Bd3 b6 4. f4 Bb7 5. Nf3 Ne4 6. O-O f5 7. Ne5 Qh4
8. Nd2 Nxd2 9. Bxd2 Bd6 10. Be1 Qh6 11. Qe2 Bxe5 12. fxe5 Nc6 13. c3 Ne7 14. e4
fxe4 15. Bxe4 Bxe4 16. Qxe4 Nd5 17. Rf3 Rf8 18. Rxf8+ Kxf8 19. Bf2 Kg8 20. g3
Rf8 21. c4 Qd2 22. Rf1 Nb4 23. Be1 Rxf1+ 24. Kxf1 Qxb2 25. Qa8+ Kf7 26. Qxa7
Nc2 27. Bf2 Nxd4 28. Qxc7 Qe2+ 29. Kg2 Qf3+ 30. Kf1 Qd3+ 31. Kg2 Nc6 32. Bxb6
Qe4+ 33. Kh3 Nxe5 34. c5 g5 35. Qd8 g4+ 36. Kh4 Nf3+ 37. Kh5 Qg6# 0-1

[Event "East Lansing (MI Op/5/10)"]
[Site "?"]
[Date "1995.??.??"]
[Round "?"]
[White "Turner, Keita"]
[Black "Fischvogt, Eric"]
[Result "1/2-1/2"]
[WhiteElo "1900"]
[BlackElo "2220"]
[PlyCount "205"]
[EventDate "1995.??.??"]

{5/(10)} 1. d4 d5 2. e3 Nf6 3. Bd3 g6 4. f4 Bg7 5. Nd2 b6 6. Ngf3 Ba6 7. Nf1
O-O 8. Ng3 c5 9. c3 Qc8 10. O-O Nc6 11. Ne5 Bxd3 12. Qxd3 e6 13. Bd2 Nd7 14. a4
f6 15. Ng4 f5 16. Ne5 c4 17. Qe2 Na5 18. Be1 Nb3 19. Ra3 Bf6 20. Qd1 Be7 21.
Ra2 Nf6 22. h4 Qe8 23. Nh1 Bd6 24. Nf3 a6 25. Nd2 Na5 26. Nf2 b5 27. g4 Rf7 28.
Nf3 Nb3 29. Ng5 Re7 30. Qf3 h6 31. Ngh3 Rg7 32. Kh1 bxa4 33. Rg1 Ne4 34. Nxe4
dxe4 35. Qg2 Raa7 36. Nf2 Qb5 37. Nxe4 fxe4 38. Qxe4 Qd5 39. Qxd5 exd5 40. Rxa4
a5 41. Kg2 Rge7 42. Kf3 Nc1 43. Rg2 Bxf4 44. Bd2 Nd3 45. exf4 Nxb2 46. Ra1 Nd3
47. Be3 Ra6 48. Rga2 Rae6 49. Re2 Re4 50. Raa2 a4 51. Rad2 a3 52. Ra2 Nb2 53.
Ra1 Kf7 54. Kf2 Nd3+ 55. Kf3 Nxf4 56. Bxf4 Rxe2 57. Rxa3 Rc2 58. Bd6 Rb7 59.
Bb4 Rb2 60. Ra5 Rd7 61. g5 Kg7 62. Kf4 Re2 63. Kf3 Re4 64. Rxd5 Rf4+ 65. Kxf4
Rxd5 66. Ke4 Rf5 67. gxh6+ Kf7 68. h7 Rh5 69. h8=Q Rxh8 70. Kd5 Rxh4 71. Kxc4
g5 72. Kd5 Rf4 73. c4 g4 74. Bd6 Rf3 75. Ke4 Rc3 76. c5 g3 77. c6 Ke6 78. Bf4
g2 79. d5+ Kf7 80. Bh2 Rc1 81. c7 Rxc7 82. Kf3 Rc2 83. Bg1 Kf6 84. Bf2 Rd2 85.
Kxg2 Kg5 86. d6 Kg4 87. d7 Rxd7 88. Kg1 Kf3 89. Bc5 Rg7+ 90. Kh2 Rg2+ 91. Kh1
Rc2 92. Bg1 Kg3 93. Bb6 Rh2+ 94. Kg1 Rh7 95. Bf2+ Kf3 96. Bc5 Rh6 97. Ba7 Re6
98. Bb8 Rb6 99. Ba7 Rb7 100. Bc5 Rg7+ 101. Kh2 Rg2+ 102. Kh1 Kg3 103. Bg1
1/2-1/2

[Event "Troy (US Am N/4/15)"]
[Site "?"]
[Date "1995.??.??"]
[Round "?"]
[White "Turner, Keita"]
[Black "Eggleston, D."]
[Result "1-0"]
[WhiteElo "1900"]
[BlackElo "1605"]
[PlyCount "57"]
[EventDate "1995.??.??"]

{4/(15)} 1. e4 e5 2. Nf3 Nf6 3. Bc4 Nc6 4. d4 exd4 5. O-O d6 6. Nxd4 Nxd4 7.
Qxd4 Be7 8. Nc3 O-O 9. Kh1 Be6 10. Bf4 Bxc4 11. Qxc4 Nh5 12. Be3 c6 13. Rad1
Qc7 14. Nb5 Qb8 15. Nd4 g6 16. f4 Nf6 17. Qd3 d5 18. exd5 Nxd5 19. Bc1 Bf6 20.
f5 Bg7 21. fxg6 hxg6 22. c3 Be5 23. Qh3 Bf4 24. Rf3 Bxc1 25. Rxc1 Qc8 26. Qh6
Qg4 27. Rh3 Qxh3 28. gxh3 Rfe8 29. Nf5 1-0

[Event "Troy (TCC/1/8)"]
[Site "?"]
[Date "1995.??.??"]
[Round "?"]
[White "Turner, Keita"]
[Black "Benovsky, P."]
[Result "0-1"]
[WhiteElo "1900"]
[BlackElo "2025"]
[PlyCount "64"]
[EventDate "1995.??.??"]

{1/(8)} 1. d4 Nf6 2. e3 d5 3. Bd3 e6 4. Nd2 c5 5. c3 Nc6 6. f4 cxd4 7. exd4 Bd6
8. Qf3 Ne7 9. Nh3 O-O 10. O-O Ng6 11. g4 Bc7 12. g5 Ne8 13. Qh5 Nd6 14. Rf3 Nf5
15. Nf1 Ngh4 16. Rg3 g6 17. Qg4 Nxg3 18. hxg3 Nf5 19. Nh2 Nd6 20. Qf3 e5 21.
fxe5 Bxh3 22. exd6 Bxd6 23. g4 Qe7 24. Bd2 Qc7 25. Qxh3 Bf4 26. Qg2 Rae8 27.
Rf1 Bxd2 28. Qxd2 Qg3+ 29. Kh1 Re3 30. Rf3 Rxf3 31. Nxf3 Qxf3+ 32. Kh2 Re8 0-1

[Event "East Lansing (MOR/4/16)"]
[Site "?"]
[Date "1995.??.??"]
[Round "?"]
[White "Turkalo, A."]
[Black "Vorhauer, Sam"]
[Result "1/2-1/2"]
[WhiteElo "1700"]
[BlackElo "1605"]
[PlyCount "134"]
[EventDate "1995.??.??"]

{4/(16)} 1. e4 c5 2. Nf3 e6 3. d4 d5 4. exd5 exd5 5. dxc5 Bxc5 6. Bd3 Qe7+ 7.
Qe2 Qxe2+ 8. Bxe2 f6 9. O-O Ne7 10. Re1 Nbc6 11. Nc3 O-O 12. Bf4 a6 13. a3 Kh8
14. Rad1 Rd8 15. h3 Bf5 16. Bd3 Bxd3 17. Rxd3 Rd7 18. Ne2 d4 19. Nexd4 Nxd4 20.
Nxd4 Bxd4 21. Be3 Nf5 22. c3 Bxc3 23. Rxc3 Nxe3 24. Rcxe3 h6 25. Re7 Rad8 26.
R1e2 Kh7 27. f4 Kg8 28. Kf2 Kf8 29. R7e4 f5 30. Re5 g6 31. Re6 Kf7 32. Rb6 Rc8
33. Ree6 Rc6 34. Rexc6 bxc6 35. Rxc6 Rd2+ 36. Kf3 Rxb2 37. Rxa6 g5 38. Rxh6
Rb3+ 39. Kf2 g4 40. hxg4 fxg4 41. Rh4 g3+ 42. Ke2 Rb2+ 43. Kf3 Rb3+ 44. Kg4
Rxa3 45. Rh3 Ra6 46. Rxg3 Ra4 47. Re3 Kf6 48. Re5 Rb4 49. Kf3 Rb3+ 50. Re3 Rb1
51. g4 Rb5 52. Rd3 Rb6 53. Ke4 Re6+ 54. Kd5 Re8 55. Ra3 Rd8+ 56. Kc6 Rd4 57.
Rb3 Rc4+ 58. Kd5 Ra4 59. g5+ Kf5 60. Kd6 Ra6+ 61. Kd5 Ra4 62. Rg3 Kxf4 63. Rg1
Ra5+ 64. Ke6 Rxg5 65. Rf1+ Ke3 66. Kf6 Rg8 67. Re1+ Kd2 1/2-1/2

[Event "East Lansing (MOR/7/17)"]
[Site "?"]
[Date "1995.??.??"]
[Round "?"]
[White "Turkalo, A."]
[Black "Spencer, Gordon"]
[Result "1-0"]
[WhiteElo "1700"]
[BlackElo "1605"]
[PlyCount "63"]
[EventDate "1995.??.??"]

{7/(17)} 1. e4 c6 2. d4 d5 3. exd5 cxd5 4. Bd3 e6 5. Nf3 Nf6 6. O-O Be7 7. c3
O-O 8. Bf4 Nbd7 9. Nbd2 b6 10. Re1 a5 11. Qe2 Nb8 12. Ne5 Bb7 13. Ndf3 h6 14.
Rac1 Nbd7 15. Bb1 Rc8 16. a4 Nh7 17. Nxd7 Qxd7 18. Ne5 Qxa4 19. Qd3 f5 20. Ng6
Rf7 21. Rxe6 Qd7 22. Rce1 Bf6 23. Bc2 Bc6 24. Qa6 Nf8 25. Nxf8 Rcxf8 26. Qxb6
Rc8 27. Qxa5 Bb5 28. Bd6 Bxd4 29. Bb3 Qa7 30. Qxa7 Bxa7 31. Bxd5 Bd7 32. Re7
1-0

[Event "East Lansing (Class B/3/8)"]
[Site "?"]
[Date "1995.??.??"]
[Round "?"]
[White "Turkalo, A."]
[Black "Rostrom, Richard"]
[Result "1-0"]
[WhiteElo "1695"]
[BlackElo "1610"]
[PlyCount "102"]
[EventDate "1995.??.??"]

{3/(8)} 1. e4 c5 2. Nf3 d6 3. d4 cxd4 4. Nxd4 g6 5. Nc3 Bg7 6. Be3 Nf6 7. f3
O-O 8. Qd2 Re8 9. Bc4 Nc6 10. O-O-O Bd7 11. h4 Ne5 12. Bb3 Rc8 13. Bh6 Bh8 14.
h5 Nxh5 15. g4 Ng7 16. Qh2 Nxg4 17. fxg4 Bxg4 18. Bxg7 h5 19. Bxh8 e5 20. Nde2
Qg5+ 21. Kb1 Kxh8 22. Rxd6 Kg7 23. Qf2 Qe7 24. Rd3 Rf8 25. Nd5 Qc5 26. Qf6+ Kh7
27. Nec3 Rc6 28. Qxe5 f6 29. Qe7+ Qxe7 30. Nxe7 Rc7 31. Ncd5 Rc5 32. Rc3 Rxc3
33. Nxc3 Re8 34. Ncd5 Kg7 35. Rf1 Be6 36. Rxf6 Rxe7 37. Rxg6+ Kxg6 38. Nxe7+
Kf6 39. Nf5 Bxb3 40. cxb3 Kg5 41. Kc2 h4 42. Nxh4 Kxh4 43. Kd3 Kg5 44. Kd4 Kf6
45. Kd5 Ke7 46. Ke5 b5 47. b4 a6 48. a3 Kd7 49. Kf6 Ke8 50. Ke6 Kd8 51. Kf7 Kd7
1-0

[Event "East Lansing (MOR/5/17)"]
[Site "?"]
[Date "1995.??.??"]
[Round "?"]
[White "Turkalo, A."]
[Black "Nixon, Peter"]
[Result "1-0"]
[WhiteElo "1700"]
[BlackElo "1605"]
[PlyCount "29"]
[EventDate "1995.??.??"]

{5/(17)} 1. e4 c5 2. Nf3 Nc6 3. d4 cxd4 4. Nxd4 Nf6 5. Nc3 a6 6. Bc4 e6 7. Bb3
Bb4 8. f3 Bxc3+ 9. bxc3 O-O 10. Ba3 Re8 11. Bd6 Qa5 12. Qd2 Qb6 13. Rd1 e5 14.
Nf5 Nh5 15. Qg5 1-0

[Event "East Lansing (Class B/1/2)"]
[Site "?"]
[Date "1995.??.??"]
[Round "?"]
[White "Turkalo, A."]
[Black "Fahey, E."]
[Result "1-0"]
[WhiteElo "1695"]
[BlackElo "1760"]
[PlyCount "91"]
[EventDate "1995.??.??"]

{1/(2)} 1. e4 e5 2. Nf3 Nc6 3. Bb5 Nf6 4. O-O d6 5. d4 Bd7 6. Re1 exd4 7. Nxd4
Nxd4 8. Bxd7+ Qxd7 9. Qxd4 Be7 10. Nc3 c6 11. Bg5 Qg4 12. Bxf6 gxf6 13. Re3 h5
14. Rg3 Qe6 15. Rd1 h4 16. Re3 Kd7 17. e5 d5 18. exf6 Qxf6 19. Rf3 Qxd4 20.
Rxd4 Raf8 21. Nd1 Bg5 22. c4 Ke6 23. cxd5+ cxd5 24. Ne3 Rd8 25. Rxd5 Rxd5 26.
Nxd5 Kxd5 27. Rf5+ Ke6 28. Rxg5 Rd8 29. Kf1 Rd2 30. Rb5 b6 31. Ke1 Rd4 32. Ke2
f5 33. f3 Rc4 34. Kd2 Rd4+ 35. Ke3 Ra4 36. a3 Rc4 37. Kd2 Rd4+ 38. Ke3 Rc4 39.
Rb4 f4+ 40. Kd3 Rxb4 41. axb4 Kd5 42. b5 Ke5 43. Kc4 Ke6 44. Kd4 Kd6 45. b3 Ke6
46. Ke4 1-0

[Event "East Lansing (Class B/5/7)"]
[Site "?"]
[Date "1995.??.??"]
[Round "?"]
[White "Turkalo, A."]
[Black "Eck, J."]
[Result "1-0"]
[WhiteElo "1695"]
[BlackElo "1630"]
[PlyCount "93"]
[EventDate "1995.??.??"]

{5/(7)} 1. e4 e5 2. Nf3 Nc6 3. Bb5 a6 4. Ba4 Nf6 5. O-O d6 6. d4 Bd7 7. Re1 Be7
8. c3 Na7 9. Bc2 exd4 10. cxd4 c5 11. d5 Bg4 12. h3 Bh5 13. Bf4 Bxf3 14. Qxf3
Nb5 15. Ba4 O-O 16. Qd3 Nd4 17. Be3 Nb5 18. Bxb5 axb5 19. Qxb5 Nxe4 20. Bf4 Nf6
21. Qxb7 Re8 22. Qb3 Rb8 23. Qd3 Rb4 24. Be3 Nd7 25. b3 Bf6 26. Nc3 Ne5 27. Qd2
c4 28. Ne4 c3 29. Nxc3 h6 30. Ne2 Rh4 31. Nd4 Bg5 32. f4 Bxf4 33. Bxf4 Qf6 34.
Bxe5 dxe5 35. Nf3 Rh5 36. d6 Qd8 37. Rac1 Qb6+ 38. Kh2 e4 39. d7 Rd8 40. Rxe4
Qb8+ 41. Kh1 Qg3 42. Re8+ Rxe8 43. dxe8=Q+ Kh7 44. Qxf7 Rxh3+ 45. gxh3 Qxh3+
46. Nh2 Qh4 47. Qd3+ 1-0

[Event "East Lansing (MOR/1a/13)"]
[Site "?"]
[Date "1995.??.??"]
[Round "?"]
[White "Turkalo, A."]
[Black "DeBlasio, N."]
[Result "1-0"]
[WhiteElo "1700"]
[BlackElo "1605"]
[PlyCount "83"]
[EventDate "1995.??.??"]

1. e4 Nf6 2. e5 Ne4 3. d4 Nxf2 4. Kxf2 d6 5. Bf4 g6 6. Nf3 Bg4 7. c3 a6 8. h3
Bxf3 9. Qxf3 Nc6 10. Bd3 e6 11. Nd2 d5 12. Rhf1 h6 13. Kg1 Qd7 14. a4 O-O-O 15.
b4 Ne7 16. Nb3 c6 17. b5 cxb5 18. axb5 axb5 19. Ra8+ Kc7 20. Nc5 Qc6 21. Ra7
Rb8 22. Rb1 Nc8 23. Bxb5 Qb6 24. Na6+ Kd8 25. Nxb8 Qxa7 26. Nd7 Bg7 27. Qf1 Qa5
28. Bd2 Ke7 29. Nf6 Na7 30. Bd3 Nc6 31. Rxb7+ Kd8 32. Rxf7 Nxd4 33. Rxg7 Nc6
34. Rd7+ Kc8 35. Ba6+ Kb8 36. Qb1+ Nb4 37. Qxb4+ Qxb4 38. cxb4 g5 39. Be3 h5
40. Rb7+ Ka8 41. Nd7 g4 42. Ra7# 1-0

[Event "East Lansing (MOR/4/38)"]
[Site "?"]
[Date "1995.??.??"]
[Round "?"]
[White "Tucker, Eric"]
[Black "Smalec, Joseph"]
[Result "1-0"]
[WhiteElo "1605"]
[BlackElo "1605"]
[PlyCount "31"]
[EventDate "1995.??.??"]

{4/(38)} 1. d4 Nf6 2. e3 d5 3. Bd3 a6 4. f4 Bg4 5. Nf3 e6 6. c3 Nc6 7. O-O Bxf3
8. Rxf3 Be7 9. Nd2 O-O 10. Rh3 h6 11. Qf3 Qd6 12. e4 Rae8 13. e5 Qd8 14. exf6
Bxf6 15. Qg4 Be7 16. Rxh6 1-0

[Event "East Lansing (MOR/2/15)"]
[Site "?"]
[Date "1995.??.??"]
[Round "?"]
[White "Tucker, Eric"]
[Black "Moore, Robert"]
[Result "0-1"]
[WhiteElo "1605"]
[BlackElo "1700"]
[PlyCount "114"]
[EventDate "1995.??.??"]

{2/(15)} 1. d4 g6 2. e3 Bg7 3. f4 d6 4. Bd3 Nf6 5. Nf3 O-O 6. O-O Nbd7 7. f5 c5
8. c3 Nb6 9. fxg6 fxg6 10. Qb3+ Kh8 11. Ng5 Qe8 12. Bb5 Bd7 13. Bxd7 Qxd7 14.
Nf7+ Rxf7 15. Qxf7 d5 16. dxc5 Nc4 17. Rxf6 Bxf6 18. e4 Rd8 19. Qxd5 Qxd5 20.
exd5 Rxd5 21. b3 Rd1+ 22. Kf2 Rxc1 23. bxc4 Bxc3 24. Nxc3 Rxa1 25. Ke3 Kg7 26.
Ke4 e6 27. Ke5 Kf7 28. Kd6 Rc1 29. Nb5 a6 30. Na7 Rxc4 31. c6 Rxc6+ 32. Nxc6
bxc6 33. Kxc6 e5 34. Kd5 Kf6 35. Ke4 a5 36. a4 g5 37. g4 Ke6 38. h3 h6 39. Ke3
Kd5 40. Kd3 e4+ 41. Ke3 Ke5 42. Ke2 Kd4 43. Kd2 e3+ 44. Ke2 Ke4 45. Ke1 Kf3 46.
Kf1 Kg3 47. Ke2 Kxh3 48. Kxe3 Kxg4 49. Kf2 Kf4 50. Kg2 g4 51. Kf2 h5 52. Kg2 h4
53. Kh2 Kf3 54. Kh1 Kf2 55. Kh2 g3+ 56. Kh3 g2 57. Kxh4 g1=Q 0-1

[Event "East Lansing (MOR/6/33)"]
[Site "?"]
[Date "1995.??.??"]
[Round "?"]
[White "Tucker, Eric"]
[Black "Anderson, JE."]
[Result "1-0"]
[WhiteElo "1605"]
[BlackElo "1605"]
[PlyCount "101"]
[EventDate "1995.??.??"]

{6/(33)} 1. d4 Nf6 2. e3 g6 3. f4 Bg7 4. Bd3 O-O 5. Nf3 d6 6. O-O Bg4 7. Qe1
Nbd7 8. h3 Bxf3 9. Rxf3 Re8 10. Nd2 e5 11. dxe5 dxe5 12. Ne4 exf4 13. Nxf6+
Nxf6 14. Rxf4 Nd5 15. Re4 Qd6 16. c3 Re6 17. Rxe6 Qxe6 18. Bc4 Qe4 19. Bxd5
Qxd5 20. Qd2 Rd8 21. Qxd5 Rxd5 22. Kf2 Rd1 23. Ke2 Rg1 24. Kf2 Rd1 25. Ke2 Rh1
26. Kf2 f5 27. g3 Bh6 28. Kg2 Rd1 29. Kf2 Kf7 30. Ke2 Rh1 31. h4 Ke6 32. b3 Ke5
33. Kf3 Re1 34. c4 Bxe3 35. Bb2+ Kd6 36. Rxe1 Bc5 37. g4 fxg4+ 38. Kxg4 Kd7 39.
Bf6 c6 40. Re4 b5 41. Kg5 bxc4 42. bxc4 Kc7 43. Kh6 Kb6 44. Bd4 a5 45. Bxc5+
Kxc5 46. Kxh7 Kb4 47. Kxg6 Ka3 48. h5 Kxa2 49. h6 a4 50. h7 Kb1 51. h8=Q 1-0

[Event "East Lansing (MOR/2/41)"]
[Site "?"]
[Date "1995.??.??"]
[Round "?"]
[White "Tsuji, J."]
[Black "Kincare, K."]
[Result "1-0"]
[WhiteElo "1605"]
[BlackElo "1605"]
[PlyCount "61"]
[EventDate "1995.??.??"]

{2/(41)} 1. d4 Nf6 2. Nf3 g6 3. Bg5 Bg7 4. e3 d5 5. Bd3 O-O 6. O-O Bg4 7. Nbd2
Nbd7 8. h3 Bxf3 9. Nxf3 c5 10. c3 c4 11. Bc2 b5 12. Re1 Ne4 13. Bf4 Ndf6 14.
Ne5 a5 15. f3 Nd6 16. e4 Nh5 17. Bh2 dxe4 18. Bxe4 Nxe4 19. Rxe4 Nf6 20. Re2
Nd5 21. Qd2 f6 22. Ng4 f5 23. Ne5 Qc7 24. Nxg6 f4 25. Nxf8 Rxf8 26. Rae1 Rf7
27. Re6 Rf5 28. Qc2 Rf6 29. Qe4 Rxe6 30. Qxe6+ Kh8 31. Qxd5 1-0

[Event "East Lansing (MOR/5/31)"]
[Site "?"]
[Date "1995.??.??"]
[Round "?"]
[White "Tsuji, J."]
[Black "Jewett, Brandon"]
[Result "1-0"]
[WhiteElo "1605"]
[BlackElo "1605"]
[PlyCount "73"]
[EventDate "1995.??.??"]

{5/(31)} 1. d4 Nf6 2. Nf3 Nc6 3. c3 d5 4. Bg5 e6 5. e3 Be7 6. Bd3 b6 7. Nbd2
Bb7 8. O-O Qd6 9. Re1 O-O-O 10. Bxf6 Bxf6 11. e4 dxe4 12. Nxe4 Qe7 13. Qe2 Kb8
14. b4 g6 15. a4 Rdf8 16. Reb1 Nd8 17. a5 Bg7 18. axb6 cxb6 19. Qa2 Bxe4 20.
Bxe4 f5 21. Bd3 Nc6 22. Re1 Rf6 23. d5 Nd8 24. c4 Qd7 25. Ne5 Qb7 26. Be2 exd5
27. Bf3 Re6 28. Bxd5 Qc7 29. Bxe6 Bxe5 30. Rxe5 Re8 31. c5 a5 32. Re2 Qg7 33.
cxb6 Nxe6 34. Rae1 Qd7 35. Rxe6 Rxe6 36. Qxe6 Qa4 37. Qe8+ 1-0

[Event "East Lansing (MOR/3/35)"]
[Site "?"]
[Date "1995.??.??"]
[Round "?"]
[White "Tsuji, J."]
[Black "Evans Sr., Thomas"]
[Result "1-0"]
[WhiteElo "1605"]
[BlackElo "1605"]
[PlyCount "71"]
[EventDate "1995.??.??"]

{3/(35)} 1. d4 d5 2. e3 a6 3. Bd3 Nf6 4. Nd2 Nc6 5. c3 e5 6. dxe5 Nxe5 7. Bc2
Bd6 8. Ngf3 Bg4 9. O-O Bxf3 10. Nxf3 Nxf3+ 11. Qxf3 O-O 12. Re1 Qe7 13. Bd2 Ne4
14. Qe2 Qe5 15. g3 Rae8 16. f3 Nxg3 17. hxg3 Qxg3+ 18. Qg2 Re6 19. Qxg3 Bxg3
20. Re2 Rf6 21. f4 g5 22. fxg5 Rf3 23. Rf1 Rxf1+ 24. Kxf1 f6 25. Kg2 Bh4 26.
gxf6 Rxf6 27. Be1 Rg6+ 28. Bxg6 Bf6 29. Bd3 Kg7 30. Bg3 c6 31. e4 dxe4 32. Rxe4
Kh6 33. Re6 Kg7 34. Be5 Kf7 35. Rxf6+ Kg7 36. Rxc6+ {[Black played the illegal
36...Kh6. 1-0, 46]} 1-0

[Event "East Lansing (MOR/6/18)"]
[Site "?"]
[Date "1995.??.??"]
[Round "?"]
[White "Tsuji, J."]
[Black "Barta, Roger"]
[Result "0-1"]
[WhiteElo "1605"]
[BlackElo "1675"]
[PlyCount "94"]
[EventDate "1995.??.??"]

{6/(18)} 1. d4 d5 2. Nf3 Nf6 3. Bg5 e6 4. e3 c5 5. Ne5 Qa5+ 6. c3 Ne4 7. Bh4
cxd4 8. exd4 Nc6 9. Nxc6 bxc6 10. Bd3 Ba6 11. O-O Bxd3 12. Qxd3 Rb8 13. f3 Nd6
14. b3 Rxb3 15. axb3 Qxa1 16. Nd2 Qa5 17. Re1 Nb5 18. b4 Qb6 19. Ra1 Bd6 20.
Nb3 O-O 21. Na5 e5 22. Bf2 exd4 23. Bxd4 Nxd4 24. Qxd4 Qxd4+ 25. cxd4 Rc8 26.
Rc1 Bxb4 27. Rxc6 Rxc6 28. Nxc6 a5 29. Kf2 Kf8 30. Ke2 Ke8 31. Nxb4 axb4 32.
Kd3 Kd7 33. Kc2 Kc6 34. Kb3 Kb5 35. h4 g6 36. g4 h6 37. f4 h5 38. g5 Ka5 39.
Ka2 Ka4 40. Kb2 b3 41. Ka1 Ka3 42. Kb1 b2 43. f5 gxf5 44. g6 fxg6 45. Kc2 Ka2
46. Kd3 b1=Q+ 47. Ke3 Qe4+ 0-1

[Event "East Lansing (MEX/4/2)"]
[Site "?"]
[Date "1995.??.??"]
[Round "?"]
[White "Tsemekhman, Vadim"]
[Black "Wilson, Vester"]
[Result "1-0"]
[WhiteElo "2485"]
[BlackElo "2080"]
[PlyCount "43"]
[EventDate "1995.??.??"]

{4/(2)} 1. d4 d5 2. c4 dxc4 3. e4 e5 4. Nf3 exd4 5. Bxc4 Bb4+ 6. Nbd2 Nc6 7.
O-O Nf6 8. e5 Nd5 9. Nb3 Nb6 10. Bb5 Bg4 11. Nbxd4 Qd5 12. Qc2 Bxf3 13. Bxc6+
bxc6 14. Nxf3 O-O-O 15. Bg5 Rde8 16. Rac1 Re6 17. a3 h6 18. Rfd1 Qa2 19. Be3
Be7 20. Bxb6 Bxa3 21. Bxa7 Qxb2 22. Rb1 1-0

[Event "Detroit (MI Team/3/1/1)"]
[Site "?"]
[Date "1995.??.??"]
[Round "?"]
[White "Tsemekhman, Vadim"]
[Black "Vukadinov, M."]
[Result "0-1"]
[WhiteElo "2475"]
[BlackElo "2425"]
[PlyCount "88"]
[EventDate "1995.??.??"]

{3/1} 1. d4 Nf6 2. c4 e6 3. Nc3 Bb4 4. e3 O-O 5. Bd3 d5 6. Nf3 c5 7. O-O dxc4
8. Bxc4 Nbd7 9. Bd3 b6 10. Ne4 cxd4 11. Nxd4 Bb7 12. Ng5 Re8 13. Bb5 Bc5 14. a3
h6 15. Ngf3 a6 16. Ba4 b5 17. Bc2 Rc8 18. b4 Bd6 19. Bb2 Nb6 20. Ra2 Bd5 21.
Bb3 Na4 22. Ba1 Bf8 23. Ne5 Qc7 24. Ng4 Nxg4 25. Qxg4 Bxb3 26. Nxb3 Qc4 27.
Qxc4 Rxc4 28. Rd2 Rec8 29. g3 Nc3 30. Na5 R4c7 31. Kg2 Nd5 32. e4 Nb6 33. Rfd1
f6 34. Rd8 Kf7 35. Rxc8 Rxc8 36. Nb7 Nc4 37. Bd4 Rb8 38. Nc5 Rd8 39. f4 Bxc5
40. bxc5 Nxa3 41. Be3 Rxd1 42. c6 Rd6 43. c7 Rc6 44. Bb6 Ke7 0-1

[Event "East Lansing (MI Op/1b/2)"]
[Site "?"]
[Date "1995.??.??"]
[Round "?"]
[White "Tsemekhman, Vadim"]
[Black "Vandivier, Don"]
[Result "1-0"]
[WhiteElo "2495"]
[BlackElo "1940"]
[PlyCount "95"]
[EventDate "1995.??.??"]

1. d4 Nf6 2. c4 g6 3. Nc3 d5 4. cxd5 Nxd5 5. e4 Nxc3 6. bxc3 Bg7 7. Bc4 c5 8.
Ne2 O-O 9. O-O Nc6 10. Be3 Qc7 11. Rc1 Rd8 12. Bg5 cxd4 13. cxd4 Qa5 14. Bd5 h6
15. Bd2 Qb6 16. Rb1 Qa6 17. Bc3 e6 18. Bb3 Na5 19. Bc2 Bd7 20. Bd3 Nc4 21. Qb3
b5 22. a4 Rab8 23. Ra1 Nd6 24. e5 Ne8 25. axb5 Qb7 26. Ba5 Rdc8 27. Rab1 Bc6
28. f3 Bd5 29. Qa4 f6 30. exf6 Bxf6 31. Kh1 g5 32. Nc3 Nd6 33. Nxd5 Qxd5 34.
Rfe1 Bxd4 35. Rbd1 Nxb5 36. Bb1 Qc4 37. Qxc4 Rxc4 38. Ba2 Ra4 39. Bxe6+ Kg7 40.
Bd2 Re8 41. Bd7 Rxe1+ 42. Bxe1 a6 43. Bxb5 axb5 44. Rxd4 Ra1 45. Re4 b4 46. h3
b3 47. Kh2 b2 48. Bc3+ 1-0

[Event "Troy (TCC/2/2)"]
[Site "?"]
[Date "1995.??.??"]
[Round "?"]
[White "Tsemekhman, Vadim"]
[Black "Small, L."]
[Result "1-0"]
[WhiteElo "2470"]
[BlackElo "2060"]
[PlyCount "99"]
[EventDate "1995.??.??"]

{2/(2)} 1. d4 Nf6 2. c4 e6 3. Nc3 d5 4. cxd5 exd5 5. Bg5 Be7 6. e3 c6 7. Bd3
Ne4 8. Bxe7 Qxe7 9. Qc2 Bf5 10. Nge2 Nd7 11. Ng3 Nxg3 12. hxg3 Bxd3 13. Qxd3
Nf6 14. O-O-O O-O-O 15. f3 Rhe8 16. Rhe1 g6 17. Kb1 h5 18. e4 dxe4 19. fxe4 Ng4
20. Rf1 Kb8 21. Qd2 f6 22. Rfe1 Qd6 23. Qf4 g5 24. Qf3 Nh2 25. Qxh5 Qxg3 26. e5
fxe5 27. Ne4 Qh4 28. Qxh4 gxh4 29. Nf6 Re6 30. dxe5 Rxd1+ 31. Rxd1 Kc7 32. Rh1
h3 33. Rxh2 hxg2 34. Rxg2 Rxe5 35. Rg7+ Kc8 36. a3 Re2 37. Ka2 Re6 38. Rf7 Re2
39. Nd7 b6 40. Nf8 Kb8 41. Ng6 c5 42. Ne7 Kb7 43. Nd5+ Ka6 44. Nc3 Rh2 45. Ne4
Re2 46. Nd6 c4 47. Nxc4 Kb5 48. Nd6+ Kc5 49. Nc8 a5 50. Rf5+ 1-0

[Event "East Lansing (MI Op/5/1)"]
[Site "?"]
[Date "1995.??.??"]
[Round "?"]
[White "Tsemekhman, Vadim"]
[Black "Rajlich, Vasik"]
[Result "1-0"]
[WhiteElo "2495"]
[BlackElo "2255"]
[PlyCount "71"]
[EventDate "1995.??.??"]

{5/(1)} 1. d4 Nf6 2. c4 g6 3. Nc3 Bg7 4. e4 d6 5. Be2 O-O 6. Nf3 e5 7. d5 Ne8
8. h4 c5 9. h5 Na6 10. hxg6 fxg6 11. a3 Nac7 12. b4 b6 13. Bg5 Nf6 14. Qd2 Bd7
15. bxc5 bxc5 16. Rb1 Rb8 17. O-O Qe7 18. Rb2 Rfc8 19. Rfb1 Qf8 20. Rb7 Ra8 21.
Nxe5 Nxe4 22. Nxe4 Bxe5 23. Qa5 Bf5 24. Rxc7 Bxe4 25. Rbb7 Qf5 26. Bh6 Rf8 27.
Qe1 Bd4 28. Rg7+ Bxg7 29. Rxg7+ Kh8 30. Re7 Rf7 31. g4 Rg8 32. Qc3+ Qf6 33.
Qxf6+ Rxf6 34. Bd2 Bc2 35. Bc3 Rgf8 36. g5 1-0

[Event "Dearborn (MI Inv/1)"]
[Site "Dearborn"]
[Date "1995.??.??"]
[Round "?"]
[White "Tsemekhman, Vadim"]
[Black "O'Donnell, Robert"]
[Result "1/2-1/2"]
[WhiteElo "2470"]
[BlackElo "2235"]
[PlyCount "130"]
[EventDate "1995.??.??"]

1. d4 d5 2. c4 c6 3. Nf3 Nf6 4. g3 e6 5. Bg2 dxc4 6. O-O Be7 7. Nbd2 b5 8. e4
Nbd7 9. e5 Nd5 10. Ne4 h6 11. h4 Bb7 12. a4 a6 13. Re1 c5 14. Nd6+ Bxd6 15.
exd6 O-O 16. axb5 axb5 17. Rxa8 Bxa8 18. Ne5 cxd4 19. Qxd4 Qb6 20. Qxb6 N7xb6
21. Bd2 Rd8 22. d7 f6 23. Nf3 Rxd7 24. Rxe6 Kf7 25. Bh3 Re7 26. Nd4 b4 27. Bxb4
Nxb4 28. Rxb6 Re1+ 29. Bf1 Nd3 30. Nc2 Rb1 31. Na3 Rxb2 32. Nxc4 Rxb6 33. Nxb6
Be4 34. f3 Bh7 35. Bxd3 Bxd3 36. Nd5 Ba6 37. Kf2 Bb7 38. Ne3 g6 39. f4 Be4 40.
Ng4 h5 41. Ke3 Bb1 42. Nf2 Ke6 43. Nd1 Bc2 44. Nc3 Bb3 45. Ne2 Bd1 46. Nd4+ Ke7
47. Ke4 Bg4 48. Nb5 Ke6 49. Nc3 Bf5+ 50. Kd4 Bc2 51. Nd5 Bb1 52. Ne3 Bf5 53.
Kc5 Bb1 54. Kc6 Be4+ 55. Kc7 Ke7 56. Nd1 Ke6 57. Kd8 Bc6 58. Ne3 Ba4 59. Kc7
Be8 60. f5+ gxf5 61. Ng2 f4 62. Nxf4+ Kf5 63. Kd8 Kg4 64. Kxe8 Kxg3 65. Nxh5+
Kxh4 1/2-1/2

[Event "East Lansing (MI Op/3/2)"]
[Site "?"]
[Date "1995.??.??"]
[Round "?"]
[White "Tsemekhman, Vadim"]
[Black "Moody, David"]
[Result "1-0"]
[WhiteElo "2495"]
[BlackElo "2015"]
[PlyCount "43"]
[EventDate "1995.??.??"]

{3/(2)} 1. d4 Nf6 2. Nf3 g6 3. Bg5 Bg7 4. Nbd2 O-O 5. e4 d6 6. Be2 c6 7. O-O
Qc7 8. h3 e5 9. dxe5 dxe5 10. c3 Be6 11. Qc2 Nbd7 12. a4 Nh5 13. Bc4 Bxc4 14.
Nxc4 f5 15. Be7 fxe4 16. Ng5 Bf6 17. Ne6 Qc8 18. Nd6 Qb8 19. Nxf8 Bxe7 20. Qb3+
Kh8 21. Nf7+ Kg7 22. Nxd7 1-0

[Event "East Lansing (MI Op/7/1)"]
[Site "?"]
[Date "1995.??.??"]
[Round "?"]
[White "Tsemekhman, Vadim"]
[Black "Finegold, Ben"]
[Result "1/2-1/2"]
[WhiteElo "2495"]
[BlackElo "2605"]
[PlyCount "26"]
[EventDate "1995.??.??"]

{7/(1)} 1. d4 d5 2. c4 e5 3. dxe5 d4 4. Nf3 Nc6 5. g3 Be6 6. Nbd2 Qd7 7. Bg2
O-O-O 8. O-O h5 9. Qa4 Kb8 10. Ng5 Nxe5 11. Qxd7 Bxd7 12. Ndf3 Nxf3+ 13. Nxf3
Be6 1/2-1/2